¡La cena está lista! = 晚餐准备好了 / (Registro nro. 14966)

Detalles MARC
000 -LIDER
fixed length control field 01026nam a22003017a 4500
003 - IDENTIFICACDOR DE NÚMERO DE CONTROL
control field DO-SdBPM
005 - DATE AND TIME OF LATEST TRANSACTION
control field 20250304104606.0
008 - ELEMENTOS DE LONGITUD FIJA
fixed length control field 210426b 2012 ch 00| 0 spa d
020 ## - ISBN
International Standard Book Number 9787513802611
040 ## - FUENTE DE CATALOGACIÓN
Agencia que crea de manera original el registro DO-SdBPM
Idioma de catalogación spa
Agencia que realiza la transcripción BPMSU
082 #4 - NÚMERO DE CLASIFICACIÓN DECIMAL DE DEWEY
Classification number 495.1
Item number L383c 2012
Edition number 22
092 ## - LOCALLY ASSIGNED DEWEY DECIMAL CALL NUMBER
Número de clasificación
100 1# - ASIENTO PRINCIPAL -- NOMBRE PERSONAL
Nombre personal Laurette,Zhang
Fechas asociadas con el nombre
245 10 - MENCIÓN DE TITULO
Título ¡La cena está lista! = 晚餐准备好了 /
Mención de responsabilidad Laurette Zhang ; traducido por Yao Bei
260 ## - PUBLICACIÓN, DISTRIBUCIÓN, ETC. (PIE DE IMPRENTA)
Lugar de publicación, distribución, etc República Popular, China :
Nombre del editor, distribuidor, etc. Sonolingua,
Fecha de publicación, distribución, etc 2012
Nombre del editor, distribuidor, etc.
300 ## - DESCRIPCIÓN FÍSICA
Extensión 29 p. :
Otros detalles físicos ils. ;
Dimensiones 27 cm.
490 0# - MENCIÓN DE SERIES
Mención de serie Mi primer libro de cuentos chinos = 我的第一本中国故事书
500 ## - NOTA GENERAL
Materiales especificados
590 ## - NOTA LOCAL
Texto de la nota local Inventariado, 2023/VM
650 #4 - ENCABEZAMIENTO DE MATERIA--TEMÁTICO
Término temático o nombre geográfico como elemento de entrada Chino
Subdivisión temática general Enseñanza primaria
650 #4 - ENCABEZAMIENTO DE MATERIA--TEMÁTICO
Término temático o nombre geográfico como elemento de entrada Cuentos infantiles chinos
650 #4 - ENCABEZAMIENTO DE MATERIA--TEMÁTICO
Término temático o nombre geográfico como elemento de entrada Libros ilustrados para niños
Subdivisión de forma
700 1# - ASIENTO SECUNDARIO -- NOMBRE PERSONAL
Materiales especificados Yao, Bei
Mención de responsabilidad ilustraciones
700 1# - ASIENTO SECUNDARIO -- NOMBRE PERSONAL
Materiales especificados Sánchez-Vincitore, Laura V.
Mención de responsabilidad investigadora
700 1# - ASIENTO SECUNDARIO -- NOMBRE PERSONAL
Materiales especificados Veras, Cledenin
Mención de responsabilidad investigador pedagógico
910 ## - VALIDACIÓN
Validación VMateo V. Control de calidad. BPMSU
942 ## - ADDED ENTRY ELEMENTS (KOHA)
Source of classification or shelving scheme Dewey Decimal Classification
Koha item type Libros
Existencias
Withdrawn status Lost status Source of classification or shelving scheme Damaged status Not for loan Collection code Home library Current library Date acquired Source of acquisition Total Checkouts Full call number Barcode Date last seen Price effective from Koha item type Copy number
    Dewey Decimal Classification     Colección Infantil General Biblioteca Pública Metropolitana Salomé Ureña Biblioteca Pública Metropolitana Salomé Ureña 03/04/2025 Cinocingua   BPMSU CGI 495.1 L383c 2012 BPMSU25030005 03/04/2025 03/04/2025 Libros  
    Dewey Decimal Classification     Colección Infantil General Biblioteca Pública Metropolitana Salomé Ureña Biblioteca Pública Metropolitana Salomé Ureña 03/04/2025 Cinocingua   BPMSU CGI 495.1 L383c 2012 BPMSU25030009 03/04/2025 03/04/2025 Libros e.2